Statistics for Movies General Knowledge #1

Click here to take the quiz!

General Stats

  • This quiz has been taken 38,652 times
    (23,500 since last reset)
  • The average score is 12 of 20

Answer Stats

QuestionAnswer% Correct
What character has been portrayed by Ben Affleck, George Clooney, and Val Kilmer?Batman
88%
What was the name of Dorothy's dog in "The Wizard of Oz"?Toto
86%
What country produces the most films each year?India
85%
What city in southern France hosts a famous film festival?Cannes
80%
Who was born as an old man and died as a baby?Benjamin Button
79%
What was the name of the snowman in the movie "Frozen"?Olaf
72%
What movie starred Natalie Portman and Mila Kunis?Black Swan
70%
Who was the villain in the movie "Thor"?Loki
69%
What chubby director had a famous silhouette?Alfred Hitchcock
64%
Who starred as Arnold Schwarzenegger's "Twin"?Danny DeVito
63%
In what country did the movie "Mad Max" take place?Australia
61%
Who was able to go to an art museum, an observation deck, a baseball game, a pool,
a fancy restaurant, and a parade all on the same day?
Ferris Bueller
55%
What movie, starring Katherine Heigl, was about a woman who has
been a bridesmaid 27 times?
27 Dresses
53%
What movie took place in Punxsutawney, Pennsylvania?Groundhog Day
50%
Who wrote, directed, and starred in "Citizen Kane"?Orson Welles
40%
What movie is subtitled "How I Learned to Stop Worrying and Love the Bomb"?Dr. Strangelove
38%
What movie's poster features a polaroid inside a polaroid inside a polaroid?Memento
37%
What movie ended with the line "I think this is the beginning of a beautiful friendship"?Casablanca
35%
What type of animal was Clyde in the movie "Every Which Way But Loose"?Orangutan
24%
What object was used as a murder weapon at the end of the movie "There Will Be Blood"?Bowling Pin
18%

Score Distribution

Percentile by Number Answered

Percent of People with Each Score

Your Score History

You have not taken this quiz since the last reset